Suburbs Of Noosa Shire, Queensland - Statistics

General Stats
  • This quiz has been taken 13 times
  • The average score is 17 of 26
Answer Stats
Answer % Correct
Cooroy
100%
Noosa Heads
100%
Pomona
100%
Sunrise Beach
100%
Tewantin
100%
Noosaville
89%
Sunshine Beach
89%
Tinbeerwah
89%
Cooran
78%
Marcus Beach
78%
Castaways Beach
67%
Lake MacDonald
67%
Noosa North Shore
67%
Peregian Beach
67%
Black Mountain
56%
Boreen Point
56%
Cootharaba
56%
Doonan
56%
Kin Kin
56%
Como
44%
Cooroibah
44%
Cooroy Mountain
44%
Pinbarren
44%
Ringtail Creek
33%
Federal
22%
Ridgewood
22%
No matching quizzes found
Score Distribution
Percent of People with Each Score
Percentile by Number Answered
Your Score History
You have not taken this quiz